Quizzes
Events
Quiz Creation
Community
Videos
Private Events
Remove Ads
Sign In
Join for FREE
Feedback
Dark Mode
Quiz Categories
Sports
Geography
Music
Movies
Television
Just For Fun
Miscellaneous
History
Literature
Language
Science
Gaming
Entertainment
Religion
Holiday
For Kids
Quiz Lab
Recent
Popular Today
Quiz Kudos Today
Editor Picks
Curator Picks
Quizzes by...
Day
Popularity
Type
Ratings
Length
Year
Community
Subscriptions
Recent Discussions
Orange Saloon
Badges
Playlists
Quests
Create
Leaderboards
Showdown
Live 5
Trivia Bingo
Activity
Puzzle Library
Sporcle Events
Private Events
Virtual Trivia
Globe League
Become a Host
Pub Owners
SporcleCon
Opinionation
Our Games
Videos
Blog
Mobile Apps
Partnerships
Remove Ads and Go Orange
Feedback
Entertainment
Celebrity
Famous
Musical
Broadway
Show
Quote
Comic Books
Anime
Superhero
DC Comics
Marvel
Cartoons
Animation
Entertainment
Celebrity
Famous
Musical
Broadway
Show
Quote
Comic Books
Anime
Superhero
DC Comics
Marvel
Cartoons
Animation
Random Quiz
Search Sporcle
×
Quiz Lab
Quiz Lab
Entertainment
Famous
Type in answers that appear in a list
Type in answers that appear in a list
Classic
Best Score? Go Orange.
Famous Couples and Twosomes Stats
Can you name the Famous Couples?
By
Goldenguys
10m
20 Questions
934 Plays
934 Plays
934 Plays
Comments
Comments
Give Quiz Kudos
Give Quiz Kudos
-
- Ratings
hide this ad
Replay
Link that replays current quiz
Next Quiz
Link to next quiz in quiz playlist
You Got
0%
They Got
Avg Score
29%
Avg Friend Score
Upgrade to see
Score Distribution
Jump to the score distribution portion of the page
Score
0/20
Timer
10:00
0
Plays Today
Description
Couple
% Correct
He was married to Ms. Aniston and she is Mr. Voight's little girl
Angelina Jolie & Brad Pitt
88.8%
How cute, their nickname is Bennifer
Ben Affleck & Jennifer Garner
73.8%
Holmes Sweet Holmes and Cruiseing along
Katie Holmes & Tom Cruise
61.7%
They got each other, babe (and Charity/
Chaz)
Sonny & Cher
46.7%
The Breakup led to the breakup
Vince Vaughn & Jennifer Aniston
42.6%
'Eats Flies. Dates a Pig. Hollywood Star.' She 'Eats Slop. Dates a Frog. Famous Slugger.'
Kermit the Frog & Miss Piggy
38.8%
People's People, and 8 kids to boot
Jon & Kate Gosselin
30.5%
She's a little bit country while he's a little bit ballroom
Donny & Marie Osmond
29.3%
What Savages those Boys are!
Ben & Fred Savage
27.1%
These two have their own talk show: LIVE with HIM and HER (She's #3)
Regis Philbin & Kelly Ripa
27%
Description
Couple
% Correct
These two ladies are married while the beau has a talk show
Ellen DeGeneres & Portia de Rossi
25.7%
He Loves this Redhead with vows of 'Forever, Darling' with Fred and Ethel in the 'trailer'
Lucille Ball & Desi Arnaz
22.9%
Who's on First? These two ask ernestly
Abbott & Costello
22.2%
These Grumpy Old Men are going Out to See us
Walter Matthau & Jack Lemmon
13.2%
She is full of Hope & Faith, while he cleans up well on the soap.
Marc Consuelos & Kelly Ripa
9.2%
OH, [Name], MY HERO. Oh, how embarasking.
Popeye & Olive Oyl
8.5%
Sheesh! Like what a grouch and does Curly ever talk?
Harpo & Groucho Marx
7.2%
While she travels to Oz, 'Cutey Shorty' is spending time in the museum
Mickey Rooney & Judy Garland
4.4%
Cheers to the happy couple with a proposal
Ted Danson & Mary Steenburgen
2%
These two have the second number of episodes in a television show
Ozzie & Harriet
1.5%
Quiz Playlist
Details
Report
Send in Message
Add To Playlist
Classic:
Type in answers that appear in a list
Last Updated: Dec 14, 2018
Quiz Scoreboard
CHALLENGE
Sign Up to Join the Scoreboard
Show All
Scores
Hide
Comments
May contain spoilers
Recently Published
Decade Duel: World Leaders
by jenniferyan
History
4m
Alphabetical 'K' Countries by Flag Minefield
by ylime102
Geography
3m
Pick 6: Fruits
by JohnFran
Miscellaneous
15s
More to Explore
Quiz From the Vault
Featured Blog Post
15 Basketball Trivia Facts You Can Be March Mad About
hide this ad
You Might Also Like...
Tags
Famous Quiz
couple
description
relation
Twosome
Today's Top Quizzes in Entertainment
Browse Entertainment
hide this ad
Today's Top Quizzes in Famous
Browse Famous
Top Contributed Quizzes in Entertainment
1
Eurovision 2023 Logic Puzzle
2
The Joker Actors by Order
3
Spider-Man Actors by Order
4
JoJo's Bizarre Logic Quiz
5
Marvel, Role-Playing, Shakespeare, and Cats, Oh My!
6
Click the Fictional John
7
Dragon Ball Z: Goku's Fights in Order
8
Click the Fictional Bruce
9
Picture Click Blitz: Snow White
10
The Incredible Hulk Actors by Order
Explore More
Trending Topics
Anime
Crossword
Harry Potter
NBA
Kpop
Marvel
Disney
Pokémon
Country
Soccer
NFL
WWE
Puzzle
The Office
Song
hide this ad
More By:
Goldenguys
Quiz
Plays
Rating
Category
Featured
Created
Disney Villain by Homestead
7,037
4.60
Movies
May 8, 2012
Country Music Singers
1,437
4.20
Music
Mar 13, 2010
Famous Couples and Twosomes
934
1.57
Entertainment
Nov 28, 2009
Academy of Country Music Awards
838
3.57
Music
Feb 4, 2013
Female Singers
601
2.83
Music
Jan 4, 2010
Go to Creator's Profile
Score Distribution
Quiz Creator Spotlight
Goldenguys
Follow
Send a Message
Quizzes Created
-
Created Quiz Play Count
-
More By This Creator
Popular Quizzes Today
1
Countries of Asia Without Outlines Minefield
2
Find the US States - No Outlines Minefield
3
Pick 6: Fruits
4
Alphabetical 'K' Countries by Flag Minefield
5
The Countries of the World
6
Find the Countries of Europe - No Outlines Minefield
7
Find the US States
8
US States
More Entertainment Quizzes
'I' Celebrity Images
Curator's Pick
Trending Quizzes
Pick 6: Mountains
Pick 6: Harry Potter
Pick 6: Flags
Pick 6: NFL Teams
Pick 6: Movie Franchises
Recently Updated
NWSL Teams
pecheneg
Women's Final Four Teams by Year
bhenderson79
Presidents Quartet II
eogle
Anything But Clue(do)
eogle
Anything But Oceanian Capitals
eogle
Anything But 7
eogle
Anything But Thing
eogle
Word Ladder: February 29
pecheneg
Song Title Questions
pecheneg
Women's NCAA Tournament #1 Seeds
pecheneg
Trending Topics
Harry Potter
Anime
Kpop
Disney
Marvel
NBA
Crossword
Song
Puzzle
NFL
WWE
Country
Soccer
The Office
Pokémon
Your Account Isn't Verified!
In order to create a playlist on Sporcle, you need to verify the email address you used during registration. Go to your
Sporcle Settings
to finish the process.
Report this User
Report this user for behavior that violates our
Community Guidelines
.
Details:
Send Report
Go to the Sporcle.com Mobile Site →
Comments